000 00707nam a2200241Ia 4500
003 OSt
005 20221005133740.0
006 a|||||r|||| 00| 0
007 ta
008 221004b |||||||| |||| 00| 0 pan d
020 _a8173291810 (hbk)
_c200
024 _a87670
037 _b485, 09/03/2007, Manpreet Parkashan
_cTextual
040 _aCRL
_cCRL
_bpan
041 _2pan
_apan
082 _aO153,1IMRx, P6
100 _aਇਮਰੋਗ਼
245 0 _aਜਨ ਜਾਰੀ ਹੈ
260 _c2006
650 _aਪੰਜਾਬੀ ਸਾਹਿਤ
942 _hO153,1IMRx, P6
_cTEXL
_2cc
999 _c1067776
_d1067776